LEADER 01042nam a2200217 i 4500 001 000000073164 003 CaOOAMICUS 005 20250609145930.0 008 000609s1977 vc u000 u lat u 040 $aSeMil$bita 110 2 $aPontificia Commissione per la revisione del Codice di Diritto Canonico.$0(OLS)http://semarc/name/1854 245 10$aSchema canonum de Institutis vitae consecratae per professionem consiliorum evangelicorum. 264 1$a[Cittą del Vaticano] :$bTypis Polyglottis Vaticanis,$c1977. 300 $aXIII, 36 p. ;$c27 cm 650 4$aDiritto canonico - Fonti.$0(OLS)http://semarc/subject/389 850 $aSeMil 852 $aSeMil$W1$xVenegono$y1$mSL1.N VI 80$j258102$B39317$CSeMilBibl$Z2$F39320 $8I 961 $aAcquisto: Mescat 996 $6245$aSchema canonum de Institutis vitae consecratae per professionem consiliorum evangelicorum$9(OLS)http://semarc/title/118108 996 $6264$a[Cittą del Vaticano] :$bTypis Polyglottis Vaticanis$9(OLS)http://semarc/publisher/34811 LEADER 01234nam a2200277 i 4500 001 000000122391 003 CaOOAMICUS 005 20040202000000.0 008 040202s1990 it u000 u ita u 013 $a95086 040 $aSeMil$bita 100 1 $aGruppo Fotografico '82.$0(OLS)http://semarc/name/50887 240 03$aLa deposizione.$0(OLS)http://semarc/title/180323 245 13$aLa deposizione del duomo di Volterra /$cGruppo Fotografico '82, Burresi, Lessi. 260 $a[S.l. :$bs.n.],$cstampa 1990$e(Siena :$fCentrooffset,$gstampa 1990) 300 $a[62] p. :$briccamente ill. ;$c29 cm. 500 $aFondo Card. C.M. Martini. 650 4$aVolterra - Chiese - Cattedrale di Santa Maria Assunta (Duomo) - Deposizione.$0(OLS)http://semarc/subject/23203 700 1 $aLessi, Franco Alessandro.$0(OLS)http://semarc/name/50526 700 1 $aBurresi, Mariagiulia.$0(OLS)http://semarc/name/50525 850 $aSeMil 852 $aSeMil$W1$xVenegono$y1$m5I XI 23$j77362$B77362$CSeMilBibl$Z2$F79219 $8I 941 1 $a4 961 $aOmaggio: Martini Card. Carlo Maria 996 $6245$aLa deposizione del duomo di Volterra$9(OLS)http://semarc/title/180324 996 $6260$a[S.l. :$bs.n.]$9(OLS)http://semarc/publisher/29751